| 000 | 00519cam a2200169 4500 | ||
|---|---|---|---|
| 001 | D10632 | ||
| 008 | 090401t xxu||||| |||| 00| 0 eng d | ||
| 035 | _a(Sirsi) u95574 | ||
| 041 | _aeng | ||
| 100 | _aFletcher, A.C. | ||
| 245 | _aHow computer aided quantity surveying is linked to design in the Scottish Special Housing Association | ||
| 350 | _a0 | ||
| 520 | _aIn RICS. Computer generated quantities. Q.S. Division seminar.... 1979. RICS. 1979/11A | ||
| 700 | _aAlexander, J. | ||
| 942 | _n0 | ||
| 948 | _c04/03/1997 | ||
| 999 |
_c98530 _d98530 |
||